Ice mummy : (Record no. 5710)

MARC details
000 -LEADER
fixed length control field 01617cam a2200457 a 4500
001 - CONTROL NUMBER
control field 5710
003 - CONTROL NUMBER IDENTIFIER
control field FISKH
005 - DATE AND TIME OF LATEST TRANSACTION
control field 20250115144124.0
008 - FIXED-LENGTH DATA ELEMENTS--GENERAL INFORMATION
fixed length control field 020822s1998 nyua b 000 0 eng
010 ## - LIBRARY OF CONGRESS CONTROL NUMBER
LC control number 2002013659
020 ## - INTERNATIONAL STANDARD BOOK NUMBER
International Standard Book Number 0679856471 (pbk.)
020 ## - INTERNATIONAL STANDARD BOOK NUMBER
International Standard Book Number 9780679856474
020 ## - INTERNATIONAL STANDARD BOOK NUMBER
International Standard Book Number 0679956476 (lib. bdg.)
040 ## - CATALOGING SOURCE
Original cataloging agency DLC
Transcribing agency DLC
Modifying agency DLC
Language of cataloging eng
050 ## - LIBRARY OF CONGRESS CALL NUMBER
Classification number GN778.I8
082 ## - DEWEY DECIMAL CLASSIFICATION NUMBER
Classification number 937
100 1# - MAIN ENTRY--PERSONAL NAME
Personal name Dubowski, Mark.
245 10 - TITLE STATEMENT
Title Ice mummy :
Remainder of title the discovery of a 5,000-year-old man /
Statement of responsibility, etc. by Mark Dubowski and Cathy East Dubowski.
250 ## - EDITION STATEMENT
Edition statement This edition published in 2009
260 ## - PUBLICATION, DISTRIBUTION, ETC.
Place of publication, distribution, etc. New York :
Name of publisher, distributor, etc. Random House,
Date of publication, distribution, etc. 1998.
300 ## - PHYSICAL DESCRIPTION
Extent 48 pages :
Other physical details color illustrations ;
Dimensions 23 cm
490 1# - SERIES STATEMENT
Series statement Step into reading. A step 4 book
500 ## - GENERAL NOTE
General note "With photographs."
505 ## - FORMATTED CONTENTS NOTE
Formatted contents note P<br/>
520 ## - SUMMARY, ETC.
Summary, etc. Describes the discovery by Alpine hikers near the Austrian-Italian border of the frozen body of a man who, after careful examination, was found to be more than 5,000 years old.
521 8# - TARGET AUDIENCE NOTE
Target audience note 640<br/>
Source Lexile<br/>
521 8# - TARGET AUDIENCE NOTE
Target audience note P<br/>
Source Raz-Plus<br/>
650 #0 - SUBJECT ADDED ENTRY--TOPICAL TERM
Topical term or geographic name entry element Otzi (Ice mummy)
650 #0 - SUBJECT ADDED ENTRY--TOPICAL TERM
Topical term or geographic name entry element Copper age
Geographic subdivision Italy
-- Hauslabjoch Pass
Form subdivision Juvenile literature.
650 #0 - SUBJECT ADDED ENTRY--TOPICAL TERM
Topical term or geographic name entry element Ice mummies
Geographic subdivision Italy
-- Hauslabjoch Pass
Form subdivision Juvenile literature.
650 #1 - SUBJECT ADDED ENTRY--TOPICAL TERM
Topical term or geographic name entry element Otzi (Ice mummy)
650 #1 - SUBJECT ADDED ENTRY--TOPICAL TERM
Topical term or geographic name entry element Ice mummies.
650 #1 - SUBJECT ADDED ENTRY--TOPICAL TERM
Topical term or geographic name entry element Mummies.
650 #1 - SUBJECT ADDED ENTRY--TOPICAL TERM
Topical term or geographic name entry element Copper age.
650 #1 - SUBJECT ADDED ENTRY--TOPICAL TERM
Topical term or geographic name entry element Excavations (Archaeology)
651 #0 - SUBJECT ADDED ENTRY--GEOGRAPHIC NAME
Geographic name Hauslabjoch Pass (Italy)
General subdivision Antiquities
Form subdivision Juvenile literature.
700 1# - ADDED ENTRY--PERSONAL NAME
Personal name Dubowski, Cathy East
Relator term Photographer
906 ## - LOCAL DATA ELEMENT F, LDF (RLIN)
a 7
b cbc
c orignew
d 1
e ecip
f 20
g y-gencatlg
942 ## - ADDED ENTRY ELEMENTS (KOHA)
Source of classification or shelving scheme Dewey Decimal Classification
Koha item type Books
Suppress in OPAC No
Holdings
Withdrawn status Lost status Source of classification or shelving scheme Damaged status Not for loan Collection Home library Current library Shelving location Date acquired Total Checkouts Full call number Barcode Date last seen Price effective from Koha item type
    Dewey Decimal Classification     Non-Fiction Footprints International School Library Network Toul Kork Campus Footprints International School Library Network Toul Kork Campus TK Primary Library Room(4th Floor), Bookcase 3&4, Shelves 17-32, Yellow Books 01/15/2025   DUB 937 GN778.I8 FIS03423 01/15/2025 01/15/2025 Books